Pluralismo y Derechos Humanos

Bibliographic Details
Main Author: Fernǹdez, Gonzalo F.
Other Authors: Gentile, Jorge Horacio
Format: eBook
Language:Spanish
Published: Cr̤doba: Alveroni Ediciones, 2007
Subjects:
Online Access:Acceso restringido

MARC

LEADER 00000nam a22000007a 4500
005 20140415123914.0
007 cr|||| ||||
008 140415s2007 ar |||||s|||| 00||0 spa d
035 |a 11874 
040 |a vLex 
090 |c 4783  |d 4783 
100 1 |a Fernǹdez, Gonzalo F. 
245 1 0 |a Pluralismo y Derechos Humanos  |h [Recurso electrn̤ico] /  |c Gonzalo F. Fernǹdez, Jorge Horacio Gentile 
256 |a Servicio en ln̕ea 
260 |a Cr̤doba:  |b Alveroni Ediciones,  |c 2007 
300 |a 1 recurso electrn̤ico 
506 1 |a Disponible solo en los productos indicados  |d vLex Global  |d vLex Global (Academic Edition, excluding Law Schools)  |d vLex Global (U.S. Academic Edition, Law Schools)  |d vLex Global (U.S. Academic Edition, excluding Law Schools)  |d vLex Global (Academic Edition, Law Schools) 
650 0 4 |a Derecho Constitucional  |z Argentina 
700 1 |a Gentile, Jorge Horacio 
740 0 |a vLex Libros (Servicio en ln̕ea) 
856 4 0 |u http://vlex.com/source/pluralismo-derechos-humanos-11874  |z Acceso restringido 
942 |c BOOK 
999 0 |a Constitutional Law